Introducción a la estadística

I tiakina i:
Ngā taipitopito rārangi puna kōrero
Ngā kaituhi matua: Rickmers, Albert D (Author), Todd, Hollis N (Author)
Hōputu: Pukapuka
Reo:Pāniora
I whakaputaina: Barcelona Continental 1971
Ngā marau:
Ngā Tūtohu: Tāpirihia he Tūtohu
Kāore He Tūtohu, Me noho koe te mea tuatahi ki te tūtohu i tēnei pūkete!

MARC

LEADER 00000nam a2200000 a 4500
001 UCU3066
003 CL-VaPUC
008 960502e19710400SP |||||||||||||||||spa|d
082 0 4 |a 519.2  |b RIC  |2 21 
100 0 |a Rickmers, Albert D  |e author  |9 359768 
700 0 |a Todd, Hollis N  |e author  |9 359769 
245 1 0 |a Introducción a la estadística 
300 |a 645 p 
942 |c BK 
945 |d 19960502 00:00:00  |a cmena 
260 |a Barcelona  |b Continental  |c 1971 
650 0 |a Análisis estadístico  |9 269506 
650 0 |a Matemática aplicada   |9 260236 
650 0 |a Variables virtuales  |9 359777 
650 7 |a HIPOTESIS  |2 CL-VaPUC  |9 359771 
650 0 |a Varianza  |9 358282 
650 7 |a MUESTRAS ESTADISTICAS  |2 CL-VaPUC  |9 353559 
650 0 |a Muestreo  |9 270457 
650 0 |a Análisis de regresión   |9 263763 
650 0 |a Teoría de probabilidades   |9 336944 
650 0 |a Estadística no paramétrica   |9 270089 
650 7 |a DIAGRAMAS NUMERICOS  |2 CL-VaPUC  |9 359772 
583 |a last modification  |c 19960502 00:00:00  |k Rodrigo Vera 
999 |c 247193  |d 247191 
952 |0 0  |1 0  |4 0  |6 519_200000000000000_RIC_1971  |7 0  |8 A  |9 262865  |a BIBGIM  |b BIBGIM  |d 2019-11-19  |i 1308246  |o 519.2 RIC 1971  |p 1308246  |r 2025-01-15  |w 2019-11-19  |y BK  |k EST 
952 |0 0  |1 0  |4 0  |6 519_200000000000000_RIC_1971  |7 0  |8 A  |9 262866  |a BIBGIM  |b BIBGIM  |d 2019-11-19  |i 1308297  |o 519.2 RIC 1971  |p 1308297  |r 2025-01-15  |w 2019-11-19  |y BK  |k EST